El espectador emancipado.
Guardat en:
| Autor principal: | |
|---|---|
| Format: | Llibre |
| Idioma: | espanyol |
| Publicat: |
Buenos Aires, Argentina:
Manantial,
2010.
|
| Edició: | 1a. ed |
| Col·lecció: | Bordes
|
| Matèries: | |
| Etiquetes: |
Afegir etiqueta
Sense etiquetes, Sigues el primer a etiquetar aquest registre!
|
MARC
| LEADER | 00000cam a2200000 a 4500 | ||
|---|---|---|---|
| 001 | UCG5085 | ||
| 003 | CL-VaPUC | ||
| 005 | 20250407202431.0 | ||
| 008 | 110106e20100000AG |||||||||||||||||spa|d | ||
| 999 | |c 343656 |d 343654 | ||
| 020 | |a 978-987-500-137-4 | ||
| 040 | |c Pontificia Universidad Católica de Valparaíso | ||
| 082 | 0 | 4 | |a 700.1 RAN 2010 |2 21 |
| 100 | 0 | |a Rancière, Jacques |e autor |9 554636 | |
| 245 | 1 | 3 | |a El espectador emancipado. |
| 250 | |a 1a. ed | ||
| 260 | |a Buenos Aires, Argentina: |b Manantial, |c 2010. | ||
| 300 | |a 130 páginas. | ||
| 490 | 0 | |a Bordes | |
| 500 | |a c.5.-c.7 Instituto Arcos 8-1-2025. | ||
| 583 | |a last modification |c 20111028 10:44:25 |k Rodrigo Vera | ||
| 650 | 0 | |a Estética |9 264950 | |
| 650 | 0 | |a Filosofía francesa |9 255698 | |
| 650 | 0 | |a Apreciación artística |9 394669 | |
| 942 | |c BK |2 ddc |n 0 | ||
| 945 | |d 20110106 00:00:00 |a cmena | ||
| 952 | |0 0 |1 0 |4 0 |6 700_100000000000000_RAN_2010 |7 0 |8 R |9 441126 |a BIBGIM |b BIBGIM |d 2019-11-22 |i 4744837 |l 2 |o 700.1 RAN 2010 |p 4744837 |r 2025-01-15 |s 2022-05-12 |w 2019-11-22 |y BK_R |k SSL | ||
| 952 | |0 0 |1 0 |4 0 |6 700_100000000000000_RAN_2010 |7 0 |8 A |9 441127 |a BIBHIS |b BIBHIS |d 2019-11-22 |i 4746368 |l 4 |o 700.1 RAN 2010 |p 4746368 |r 2025-01-20 |s 2020-10-07 |w 2019-11-22 |y BK |k HIS | ||
| 952 | |0 0 |1 0 |4 0 |6 700_100000000000000_RAN_2010 |7 0 |8 A |9 441128 |a FDOPOS |b FDOPOS |d 2019-11-22 |i 4753461 |o 700.1 RAN 2010 |p 4753461 |r 2025-01-22 |w 2019-11-22 |y BK |k DLH | ||
| 952 | |0 0 |1 0 |4 0 |6 700_100000000000000_RAN_2010 |7 0 |8 A |9 441129 |a BIBART |b BIBART |d 2019-11-22 |i 4792580 |l 1 |o 700.1 RAN 2010 |p 4792580 |r 2025-03-13 |s 2022-07-13 |w 2019-11-22 |y BK |k ART | ||
| 952 | |0 0 |1 0 |2 ddc |4 0 |6 700_100000000000000_RAN_2010 |7 0 |8 A |9 599971 |a BIBINC |b BIBINC |d 2025-01-27 |e Instituto Arcos |i 5664957 |o 700.1 RAN 2010 |p 5664957 |r 2025-01-27 |t 5 |w 2025-01-27 |y BK |k IFP | ||
| 952 | |0 0 |1 0 |2 ddc |4 0 |6 700_100000000000000_RAN_2010 |7 0 |8 A |9 601141 |a BIBINC |b BIBINC |d 2025-01-27 |e Instituto Arcos |i 5666055 |o 700.1 RAN 2010 |p 5666055 |r 2025-03-12 |t 6 |w 2025-01-27 |y BK |k IFP | ||
| 952 | |0 0 |1 0 |2 ddc |4 0 |6 700_100000000000000_RAN_2010 |7 0 |8 A |9 601176 |a BIBINC |b BIBINC |d 2025-03-13 |e Instituto Arcos |i 5666056 |o 700.1 RAN 2010 |p 5666056 |r 2025-03-13 |t 7 |w 2025-01-27 |y BK |k IFP | ||